Statistics for Modern Family Characters by Initials

Click here to take the quiz!

General Stats

  • This quiz has been taken 86 times
  • The average score is 8 of 15

Answer Stats

HintAnswer% Correct
ADAlex Dunphy
86%
GPGloria Pritchett
85%
CTCameron Tucker
78%
HDHaley Dunphy
75%
CDClaire Dunphy
68%
MPMitchell Pritchett
61%
PDPhil Dunphy
54%
JPJay Pritchett
50%
MDManny Delgado
50%
LDLuke Dunphy
47%
LT-PLily Tucker-Pritchett
44%
DPDede Pritchett
22%
DMDylan Marshall
19%
FJPFulgencio Joseph Pritchett
17%
ABAndy Bailey
13%

Score Distribution

Percentile by Number Answered

Percent of People with Each Score

Your Score History

You have not taken this quiz